Le Yucatán est ailleurs (Record no. 53)
[ view plain ]
| 000 -CABECERA | |
|---|---|
| campo de control de longitud fija | 01301nam a2200289 a 4500 |
| 001 - NÚMERO DE CONTROL | |
| campo de control | BRCA_53 |
| 005 - FECHA Y HORA DE LA ÚLTIMA TRANSACCIÓN | |
| campo de control | 20190320202850.0 |
| 008 - DATOS DE LONGITUD FIJA--INFORMACIÓN GENERAL | |
| campo de control de longitud fija | 010208s2007----fr-a#####r---f001-0#fre-# |
| 020 ## - NÚMERO INTERNACIONAL ESTÁNDAR DEL LIBRO | |
| Número Internacional Estándar del Libro | 9782742765270 |
| 020 ## - NÚMERO INTERNACIONAL ESTÁNDAR DEL LIBRO | |
| Número Internacional Estándar del Libro | 9782915133462 (Musée du quai Branly) |
| 040 ## - FUENTE DE LA CATALOGACIÓN | |
| Centro catalogador/agencia de origen | DLC |
| Centro/agencia transcriptor | DLC |
| Centro/agencia modificador | DLC |
| 050 #4 - SIGNATURA TOPOGRÁFICA DE LA BIBLIOTECA DEL CONGRESO | |
| Número de clasificación | F1376 |
| Número de documento/Ítem | .Y93 2007 |
| 245 10 - MENCIÓN DE TÍTULO | |
| Título | Le Yucatán est ailleurs |
| Resto del título | expéditions photographiques (1857-1886) de Désiré Charnay |
| Mención de responsabilidad, etc. | [sous la direction de Christine Barthe]. |
| 260 ## - PUBLICACIÓN, DISTRIBUCIÓN, ETC. | |
| Lugar de publicación, distribución, etc. | [París] |
| Nombre del editor, distribuidor, etc. | Musée du quai Branly : Actes Sud |
| Fecha de publicación, distribución, etc. | c2007 |
| 300 ## - DESCRIPCIÓN FÍSICA | |
| Extensión | 70, [26] p. |
| Otras características físicas | il. (algunas a color), 1 mapa |
| Dimensiones | 26 cm. |
| 440 #0 - MENCIÓN DE SERIE/PUNTO DE ACCESO ADICIONAL--TÍTULO | |
| Título | La Collection du musée du quai Branly |
| 9 (RLIN) | 246 |
| 500 ## - NOTA GENERAL | |
| Nota general | Incluye cronología de Désiré Charnay y lista de obra |
| 504 ## - NOTA DE BIBLIOGRAFÍA, ETC. | |
| Nota de bibliografía, etc. | Bibliografía : p. [90-91] |
| 600 14 - PUNTO DE ACCESO ADICIONAL DE MATERIA--NOMBRE DE PERSONA | |
| Nombre de persona | Charnay, Désiré |
| Fechas asociadas al nombre | 1828-1915 |
| Subdivisión de forma | Exposiciones |
| Subdivisión general | Colecciones fotográficas |
| 9 (RLIN) | 247 |
| 600 14 - PUNTO DE ACCESO ADICIONAL DE MATERIA--NOMBRE DE PERSONA | |
| Nombre de persona | Charnay, Désiré |
| Fechas asociadas al nombre | 1828-1915 |
| Subdivisión general | Viajes |
| Subdivisión geográfica | México - Yucatán (Estado) |
| 9 (RLIN) | 248 |
| 610 24 - PUNTO DE ACCESO ADICIONAL DE MATERIA--NOMBRE DE ENTIDAD CORPORATIVA | |
| Nombre de entidad corporativa o nombre de jurisdicción como elemento de entrada | Musée du quai Branly |
| Subdivisión de forma | Exposiciones |
| 9 (RLIN) | 249 |
| 650 14 - PUNTO DE ACCESO ADICIONAL DE MATERIA--TÉRMINO DE MATERIA | |
| Término de materia o nombre geográfico como elemento de entrada | Fotografía documental |
| Subdivisión de forma | Exposiciones |
| Subdivisión geográfica | México - Yucatán (Estado) |
| 9 (RLIN) | 250 |
| 650 14 - PUNTO DE ACCESO ADICIONAL DE MATERIA--TÉRMINO DE MATERIA | |
| Término de materia o nombre geográfico como elemento de entrada | Colecciones fotográficas |
| Subdivisión de forma | Exposiciones |
| Subdivisión geográfica | Francia - París |
| 9 (RLIN) | 251 |
| 651 #4 - PUNTO DE ACCESO ADICIONAL DE MATERIA--NOMBRE GEOGRÁFICO | |
| Nombre geográfico | Yucatán (México : Estado) |
| Subdivisión de forma | Exposiciones |
| Subdivisión general | Descripción y viajes |
| 9 (RLIN) | 252 |
| 700 1# - PUNTO DE ACCESO ADICIONAL--NOMBRE DE PERSONA | |
| Nombre de persona | Barthe, Christine |
| 9 (RLIN) | 253 |
| 942 ## - ELEMENTOS DE PUNTO DE ACCESO ADICIONAL (KOHA) | |
| Fuente del sistema de clasificación o colocación | Library of Congress Classification |
| Tipo de ítem Koha | Libros |
| Estado de retiro | Estado de pérdida | Estado dañado | No para préstamo | Localización permanente | Ubicación/localización actual | Fecha de adquisición | Total de préstamos | Signatura topográfica completa | Código de barras | Fecha visto por última vez | Precio válido a partir de | Tipo de ítem Koha |
|---|---|---|---|---|---|---|---|---|---|---|---|---|
| El ejemplar forma parte de la colección y puede ser consultado según las políticas vigentes. | Biblioteca del Museo Franz Mayer (Rogerio Casas-Alatriste) | Biblioteca del Museo Franz Mayer (Rogerio Casas-Alatriste) | 25/06/2008 | F1376 .Y93 2007 | 00049_1 | 23/03/2019 | 23/03/2019 | Libros |